| Tag |
First Indicator |
Second Indicator |
Subfields |
| LEADER |
00000cam a2200000 4500 |
| 001 |
in00000064959 |
| 005 |
20151008051209.0 |
| 008 |
741104s1937 nyu 00000 eng u |
| 010 |
|
|
|a 37014526
|
| 035 |
|
|
|a (OCoLC)01065759
|
| 035 |
|
|
|9 AAG6377AM
|
| 040 |
|
|
|c RRR
|d TXA
|d UtOrBLW
|
| 049 |
|
|
|a TXAM
|c [128140]
|
| 050 |
0 |
0 |
|a RC608
|b .B75 1937
|
| 082 |
0 |
|
|a 362.20974727
|a [616.8]
|
| 092 |
|
|
|a 362.2
|b B878m
|
| 100 |
1 |
|
|a Brown, Henry Collins,
|d 1862-1961.
|
| 245 |
1 |
2 |
|a A mind mislaid /
|c by Henry Collins Brown.
|
| 264 |
|
1 |
|a New York :
|b E. P. Dutton & co., inc.,
|c 1937.
|
| 300 |
|
|
|a 5 preliminary leaves, 9-219 pages ;
|c 22 cm.
|
| 336 |
|
|
|a text
|b txt
|2 rdacontent
|
| 337 |
|
|
|a unmediated
|b n
|2 rdamedia
|
| 338 |
|
|
|a volume
|b nc
|2 rdacarrier
|
| 500 |
|
|
|a An account of the author's life in Bloomingdale hospital.
|
| 610 |
1 |
0 |
|a White Plains, N.Y.
|b Bloomingdale Hospital.
|
| 650 |
|
0 |
|a Insanity (Law)
|
| 650 |
|
0 |
|a Mentally ill
|x Care.
|
| 999 |
|
|
|a MARS
|
| 999 |
f |
f |
|s ddec7fb0-4da0-300c-8847-66f457084288
|i 1cb71e3c-36d1-3b42-8a31-7ffbe4ceaec6
|t 0
|
| 952 |
f |
f |
|p ric
|a Texas A&M University
|b Rellis Campus
|c Joint Library Facility
|d Remote Storage
|t 0
|e RC608 .B75 1937
|h Library of Congress classification
|i unmediated -- volume
|m A14800809906
|
| 998 |
f |
f |
|a RC608 .B75 1937
|t 0
|l Remote Storage
|